| 000 | 01965cam a22004694i 4500 | ||
|---|---|---|---|
| 003 | PE-LiUPU | ||
| 005 | 20250731173129.0 | ||
| 008 | 150623s2000 ilu r 000 0 eng d | ||
| 020 | _a0830817530 | ||
| 035 | _a(Sirsi) i9780830817535 | ||
| 040 |
_aPE-LiUPU _bspa _cPE-LiUPU _erda |
||
| 049 | _aPRUA | ||
| 082 | 0 | 4 |
_a261.1 _bB84 _221 |
| 100 | 1 |
_aBrown, Colin, _eautor. |
|
| 245 | 1 | 0 |
_aChristianity & western thought : _ba history of philosophers, ideas & movements. _n2 / _cSteve Wilkens & Alan G. Padgett. |
| 250 | _a2a edición. | ||
| 264 | 1 |
_aDowners Grove, Illinois : _bInterVarsity Press, _c2000. |
|
| 300 |
_a436 páginas ; _c24 centímetros |
||
| 336 |
_atext _2rdacontent |
||
| 337 |
_aunmediated _2rdamedia |
||
| 338 |
_avolume _2rdacarrier |
||
| 505 | 0 | _aA century of transition -- Expanding rationality -- Romanticism christianized/christianity romanticized -- Idealism and the end of dichotomy -- Humanity as divine incarnation -- Hegel inverted -- Rebellion against rationality -- A rational society. Act and idea: pragmatism and anglo-american idealism -- Confessionalism and liberalism: reason and religion -- Darwin and the rise of the social sciences. | |
| 526 | _aSEG42 | ||
| 526 | _aSEG41 | ||
| 526 | _aSEG40 | ||
| 526 | _aSEG39 | ||
| 526 | _aP94 | ||
| 526 | _aP87 | ||
| 526 | _aP86 | ||
| 526 | _aP85 | ||
| 526 | _aP77 | ||
| 526 | _aP76 | ||
| 526 | _aP35 | ||
| 650 | 0 | 4 |
_aFe y razón _xHistoria de doctrinas. |
| 650 | 0 | 4 |
_aFilósofos _xEstudio _ySiglo XIX. |
| 942 |
_2ddc _cBOOK |
||
| 949 |
_a261.1 B84 2 _wDEWEY _c1 _i51542 _lCCODEBUL1 _mBUL _p18.00 _r0 _sY _tBOOK _u2015-6-24 _xTEOLOGIA _PP35 _0COMPRA _o.STAFF. Colección General |
||
| 994 |
_aC0 _bPEPRU |
||
| 596 | _a1 | ||
| 999 |
_a261.1 B84 2 _wDEWEY _c33267 _i51542 _f2021-11-10 _g5 _lCCODEBUL1 _mBUL _p18.00 _r0 _sY _tBOOK _u2015-6-24 _xTEOLOGIA _PP35 _0COMPRA _o.STAFF. Colección Teología _d33267 |
||
| 980 |
_81 _gALBERTO SANCHEZ Responsable de Automatización |
||